Worship (Record no. 7433)

MARC details
000 -LEADER
fixed length control field 00557nam a2200241 a 4500
020 ## - INTERNATIONAL STANDARD BOOK NUMBER
ISBN
082 00 - DEWEY DECIMAL CLASSIFICATION NUMBER
Classification number 248.3
Author Cutter UND
100 ## - MAIN ENTRY--AUTHOR NAME
Author name Underhill, Evelyn
245 ## - TITLE STATEMENT
Title Worship
260 ## - PUBLICATION, DISTRIBUTION, ETC. (IMPRINT)
Place of publication London
Name of publisher Nisbet and Co.
Year of publication 1937
300 ## - PHYSICAL DESCRIPTION
Number of Pages 350p
500 ## - GENERAL NOTE
General note includes index and biblioraphy
505 2# - FORMATTED CONTENTS NOTE
Formatted contents note Indices
650 ## - SUBJECT ADDED ENTRY--TOPICAL TERM
Topical Term Worship-Christian
942 ## - ADDED ENTRY ELEMENTS (KOHA)
Koha item type Books
700 1# -
-- Underhill, Evelyn
Holdings
Home library Current library Date acquired Cost, normal purchase price Full call number Accession Number Koha item type
Henry Martyn Institute Library Henry Martyn Institute Library 07/06/2007 100.00 248.3 UND 14473 Archive Book
                   Copyright © 2026 | Henry Martyn Institute | Hyderabad | TS-500052 | INDIA | Implemented by hmi.edu.in
Hit-Count:

Powered by Koha